| 000 | 00632nam a2200229Ia 4500 | ||
|---|---|---|---|
| 003 | OSt | ||
| 005 | 20230413104705.0 | ||
| 008 | 210423s2011 xx 000 0 und d | ||
| 020 | _a978-0-19-856589-5 | ||
| 040 | _cAL | ||
| 041 | _aeng | ||
| 082 |
_a362.1 _223 _bMARS |
||
| 100 |
_aMARMOT (Michael);WILKINSON (Richard G) _987672 |
||
| 245 | _aSocial determinants of health Ed 2 | ||
| 250 | _a2 | ||
| 260 |
_aNew York _bOxford University Press _c2011 |
||
| 300 |
_ax,366 _bPB |
||
| 365 |
_b4297.73 _cGBP |
||
| 650 |
_aSocial Welfare Problems & Services _987673 |
||
| 906 | _adeterminants ; health ; Social | ||
| 942 |
_2ddc _cBK |
||
| 999 |
_c169871 _d169871 |
||